KOHA-Header-6

Modern Money & Banking (Record no. 7842)

000 -LEADER
fixed length control field 00238nam a2200109Ia 4500
020 ## - INTERNATIONAL STANDARD BOOK NUMBER
ISBN 978-0070422124
100 ## - MAIN ENTRY--AUTHOR NAME
Personal name Roger LeRoy Miller
245 #0 - TITLE STATEMENT
Title Modern Money & Banking
260 ## - PUBLICATION, DISTRIBUTION, ETC. (IMPRINT)
Place of publication USA
Name of publisher McGraw Hill
Year of publication 1993
300 ## - PHYSICAL DESCRIPTION
Number of Pages 794
942 ## - ADDED ENTRY ELEMENTS (KOHA)
Koha item type Books
Holdings
Withdrawn status Lost status Collection code Permanent Location Current Location Shelving location Date acquired Full call number Accession Number Koha item type
    Banking MAJU MAJU Shelf No.A45 2019-09-12 658 2045 Banking

Powered by Koha